Normal view
MARC view
Entry Topical Term
001 - CONTROL NUMBER
- control field: 2263
003 - CONTROL NUMBER IDENTIFIER
- control field: BD-RjUL
005 - DATE AND TIME OF LATEST TRANSACTION
- control field: 20220405135027.0
008 - FIXED-LENGTH DATA ELEMENTS
- fixed length control field: 220405|| aca||aabn | a|a d
040 ## - CATALOGING SOURCE
- Original cataloging agency: BD-RjUL
- Transcribing agency: BD-RjUL
150 ## - HEADING--TOPICAL TERM
- Topical term or geographic name entry element: English fiction
670 ## - SOURCE DATA FOUND
- Source citation: Work cat.: (BD-RjUL)79666: Conrad, Joseph, 1857-1924. 2262, Nostromo :, 1947 [reprinted 1963]